000 00593nam a2200229Ia 4500
003 OSt
005 20220916111035.0
006 a|||||r|||| 00| 0
007 ta
008 220915b |||||||| |||| 00| 0 eng d
024 _a125973
037 _cTextbook
040 _beng
_aARTS
_cARTS
041 _aeng
082 _aV654BE:21wM0B, L2 (906)
100 _aIgbafe Philip Aigbona
245 0 _aObaseki of Benin
260 _aNA
_bNA
650 _aHISTORY
942 _hV654BE:21wM0B, L2 (906)
_cTB
_2CC
999 _c104226
_d104226